{"text_format":"3","workbook":"xlsx","n_sheets":1,"sheets":["t238"],"read":"whole","date_system":"1900"}

{"sheet":"t238","index":0,"n_rows":178,"n_cols":7,"rows_kept":178,"merged":[[0,0,0,6],[28,0,28,5],[41,0,41,5],[147,0,147,5]]}
["TABELA 238.1 - Estatísticas Agrícolas, Município de Inúbia Paulista, Estado de São Paulo, 2016/17."]
["ITEM","UNIDADE","N.DE UPAs","MÍNIMO","MÉDIO","MÁXIMO","TOTAL"]
["Distância à sede do município","km",154,0.4,{"v":3.75,"d":"3.8"},{"v":15,"d":"15.0"},"-"]
["Área total","hectare",154,0.2,{"v":54.91,"d":"54.9"},{"v":1138,"d":"1,138.0"},{"v":8456.6,"d":"8,456.6"}]
["Área com cultura perene","hectare",31,0.1,{"v":4.58,"d":"4.6"},{"v":30,"d":"30.0"},142.1]
["Área com cultura temporária","hectare",64,0.1,{"v":41.84,"d":"41.8"},797.2,{"v":2678,"d":"2,678.0"}]
["Área com pastagem","hectare",141,0.1,{"v":28.29,"d":"28.3"},926.1,{"v":3988.2,"d":"3,988.2"}]
["Área com reflorestamento","hectare",28,0.1,{"v":6.62,"d":"6.6"},{"v":61,"d":"61.0"},185.3]
["Área com vegetação natural","hectare",64,0.2,{"v":9.69,"d":"9.7"},{"v":230,"d":"230.0"},620.1]
["Área com vegetação de brejo e várzea","hectare",66,0.1,{"v":10.23,"d":"10.2"},134.4,675.4]
["Área em descanso","hectare",6,0.2,4.4,{"v":13,"d":"13.0"},26.4]
["Área complementar","hectare",106,0.1,{"v":1.33,"d":"1.3"},{"v":27,"d":"27.0"},141.1]
["Área das UPAs com (0, 1] ha","hectare",4,0.2,{"v":0.65,"d":"0.7"},{"v":1,"d":"1.0"},2.6]
["Área das UPAs com (1, 2] ha","hectare",6,1.2,{"v":1.52,"d":"1.5"},{"v":2,"d":"2.0"},9.1]
["Área das UPAs com (2, 5] ha","hectare",25,2.5,{"v":3.88,"d":"3.9"},{"v":5,"d":"5.0"},{"v":97,"d":"97.0"}]
["Área das UPAs com (5, 10] ha","hectare",30,5.2,{"v":7.03,"d":"7.0"},9.9,210.9]
["Área das UPAs com (10, 20] ha","hectare",31,10.1,{"v":13.52,"d":"13.5"},19.8,{"v":419,"d":"419.0"}]
["Área das UPAs com (20, 50] ha","hectare",34,21.5,{"v":32.08,"d":"32.1"},48.4,{"v":1090.8,"d":"1,090.8"}]
["Área das UPAs com (50, 100] ha","hectare",12,53.2,{"v":68.35,"d":"68.4"},86.8,820.2]
["Área das UPAs com (100, 200] ha","hectare",3,107.1,125.2,{"v":161,"d":"161.0"},375.6]
["Área das UPAs com (200, 500] ha","hectare",5,{"v":209,"d":"209.0"},{"v":242.78,"d":"242.8"},{"v":279,"d":"279.0"},{"v":1213.9,"d":"1,213.9"}]
["Área das UPAs com (500, 1.000] ha","hectare",1,{"v":893,"d":"893.0"},{"v":893,"d":"893.0"},{"v":893,"d":"893.0"},{"v":893,"d":"893.0"}]
["Área das UPAs com (1.000, 2.000] ha","hectare",3,{"v":1072,"d":"1,072.0"},{"v":1108.17,"d":"1,108.2"},{"v":1138,"d":"1,138.0"},{"v":3324.5,"d":"3,324.5"}]
["Área das UPAs com (2.000, 5.000] ha","hectare","-","-","-","-","-"]
["Área das UPAs com (5.000, 10.000] ha","hectare","-","-","-","-","-"]
["Área das UPAs acima de 10.000 ha","hectare","-","-","-","-","-"]
["Fonte: Secretaria de Agricultura e Abastecimento, CDRS/IEA, Projeto LUPA."]
[]
["TABELA 238.2 - Explorações Animais, Município de Inúbia Paulista, Estado de São Paulo, 2016/17."]
["ITEM","UNIDADE","N.DE UPAs","MÍNIMO","MÉDIO","MÁXIMO","TOTAL"]
["Apicultura","colmeias",2,{"v":1,"d":"1.0"},5.5,{"v":10,"d":"10.0"},{"v":11,"d":"11.0"}]
["Asininos e muares","cabecas",2,{"v":1,"d":"1.0"},5.5,{"v":10,"d":"10.0"},{"v":11,"d":"11.0"}]
["Bovinocultura de corte","cabecas",37,{"v":4,"d":"4.0"},{"v":206.59,"d":"206.6"},{"v":3500,"d":"3,500.0"},{"v":7644,"d":"7,644.0"}]
["Bovinocultura leiteira","cabecas",9,{"v":7,"d":"7.0"},{"v":45.11,"d":"45.1"},{"v":150,"d":"150.0"},{"v":406,"d":"406.0"}]
["Bovinocultura mista","cabecas",24,{"v":2,"d":"2.0"},{"v":38.13,"d":"38.1"},{"v":385,"d":"385.0"},{"v":915,"d":"915.0"}]
["Bubalinocultura","cabecas",1,{"v":10,"d":"10.0"},{"v":10,"d":"10.0"},{"v":10,"d":"10.0"},{"v":10,"d":"10.0"}]
["Equinocultura","cabecas",27,{"v":1,"d":"1.0"},8.3,{"v":80,"d":"80.0"},{"v":224,"d":"224.0"}]
["Ovinocultura","cabecas",4,{"v":12,"d":"12.0"},{"v":64.25,"d":"64.3"},{"v":200,"d":"200.0"},{"v":257,"d":"257.0"}]
["Sericicultura","gramas larvas/ano",1,{"v":160,"d":"160.0"},{"v":160,"d":"160.0"},{"v":160,"d":"160.0"},{"v":160,"d":"160.0"}]
["Fonte: Secretaria de Agricultura e Abastecimento, CDRS/IEA, Projeto LUPA."]
[]
["TABELA 238.3 -  Máquinas, Implementos e Benfeitorias, Município de Inúbia Paulista, Estado de São Paulo, 2016/17."]
["ITEM","UNIDADE","N.DE UPAs","MÍNIMO","MÉDIO","MÁXIMO","TOTAL"]
["Arado comum (bacia, aiveca)","unidade",15,{"v":1,"d":"1.0"},{"v":1.27,"d":"1.3"},{"v":3,"d":"3.0"},{"v":19,"d":"19.0"}]
["Arado subsolador","unidade",1,{"v":1,"d":"1.0"},{"v":1,"d":"1.0"},{"v":1,"d":"1.0"},{"v":1,"d":"1.0"}]
["Batedeira de cereais","unidade",2,{"v":1,"d":"1.0"},{"v":1,"d":"1.0"},{"v":1,"d":"1.0"},{"v":2,"d":"2.0"}]
["Carregadeira de cana","unidade",3,{"v":1,"d":"1.0"},{"v":1.67,"d":"1.7"},{"v":2,"d":"2.0"},{"v":5,"d":"5.0"}]
["Carreta de trator","unidade",14,{"v":1,"d":"1.0"},{"v":1.93,"d":"1.9"},{"v":6,"d":"6.0"},{"v":27,"d":"27.0"}]
["Colhedeira acoplada","unidade",1,{"v":1,"d":"1.0"},{"v":1,"d":"1.0"},{"v":1,"d":"1.0"},{"v":1,"d":"1.0"}]
["Colhedeira automotriz","unidade",1,{"v":1,"d":"1.0"},{"v":1,"d":"1.0"},{"v":1,"d":"1.0"},{"v":1,"d":"1.0"}]
["Computador","unidade",3,{"v":1,"d":"1.0"},{"v":3.67,"d":"3.7"},{"v":6,"d":"6.0"},{"v":11,"d":"11.0"}]
["Conj.irrigacao convencional","unidade",4,{"v":1,"d":"1.0"},{"v":1,"d":"1.0"},{"v":1,"d":"1.0"},{"v":4,"d":"4.0"}]
["Conj.irrigacao/gotejamento/microaspersao","unidade",1,{"v":1,"d":"1.0"},{"v":1,"d":"1.0"},{"v":1,"d":"1.0"},{"v":1,"d":"1.0"}]
["Conjunto de fenacao","unidade",1,{"v":2,"d":"2.0"},{"v":2,"d":"2.0"},{"v":2,"d":"2.0"},{"v":2,"d":"2.0"}]
["Desintegrador, picador, triturador","unidade",23,{"v":1,"d":"1.0"},{"v":1.04,"d":"1.0"},{"v":2,"d":"2.0"},{"v":24,"d":"24.0"}]
["Distribuidor de calcario","unidade",11,{"v":1,"d":"1.0"},{"v":1.36,"d":"1.4"},{"v":2,"d":"2.0"},{"v":15,"d":"15.0"}]
["Ensiladeira","unidade",6,{"v":1,"d":"1.0"},{"v":1.17,"d":"1.2"},{"v":2,"d":"2.0"},{"v":7,"d":"7.0"}]
["Grade aradora (tipo romi)","unidade",9,{"v":1,"d":"1.0"},{"v":1.89,"d":"1.9"},{"v":5,"d":"5.0"},{"v":17,"d":"17.0"}]
["Grade niveladora","unidade",18,{"v":1,"d":"1.0"},{"v":1.44,"d":"1.4"},{"v":5,"d":"5.0"},{"v":26,"d":"26.0"}]
["Implementos para tracao animal","unidade",8,{"v":1,"d":"1.0"},{"v":1,"d":"1.0"},{"v":1,"d":"1.0"},{"v":8,"d":"8.0"}]
["Misturador de racao","unidade",2,{"v":1,"d":"1.0"},{"v":1,"d":"1.0"},{"v":1,"d":"1.0"},{"v":2,"d":"2.0"}]
["Mmicrotrator","unidade",1,{"v":1,"d":"1.0"},{"v":1,"d":"1.0"},{"v":1,"d":"1.0"},{"v":1,"d":"1.0"}]
["Ordenhadeira mecanica","unidade",6,{"v":1,"d":"1.0"},{"v":1,"d":"1.0"},{"v":1,"d":"1.0"},{"v":6,"d":"6.0"}]
["Pulverizador tratorizado","unidade",12,{"v":1,"d":"1.0"},1.5,{"v":4,"d":"4.0"},{"v":18,"d":"18.0"}]
["Resfriador de leite, tanque expansao","unidade",3,{"v":1,"d":"1.0"},{"v":1.33,"d":"1.3"},{"v":2,"d":"2.0"},{"v":4,"d":"4.0"}]
["Roçadora","unidade",13,{"v":1,"d":"1.0"},{"v":1.23,"d":"1.2"},{"v":2,"d":"2.0"},{"v":16,"d":"16.0"}]
["Semeadeira/adubadeira para plantio convencional","unidade",2,{"v":1,"d":"1.0"},{"v":1,"d":"1.0"},{"v":1,"d":"1.0"},{"v":2,"d":"2.0"}]
["Semeadeira/plantadeira plantio direto","unidade",1,{"v":1,"d":"1.0"},{"v":1,"d":"1.0"},{"v":1,"d":"1.0"},{"v":1,"d":"1.0"}]
["Terraceador","unidade",5,{"v":1,"d":"1.0"},{"v":1,"d":"1.0"},{"v":1,"d":"1.0"},{"v":5,"d":"5.0"}]
["Trator de pneus  acima de 85 cv","unidade",4,{"v":3,"d":"3.0"},{"v":4,"d":"4.0"},{"v":6,"d":"6.0"},{"v":16,"d":"16.0"}]
["Trator de pneus até 65 cv","unidade",20,{"v":1,"d":"1.0"},{"v":1.45,"d":"1.5"},{"v":5,"d":"5.0"},{"v":29,"d":"29.0"}]
["Trator de pneus de 66 cv a 85 cv","unidade",9,{"v":1,"d":"1.0"},{"v":2.11,"d":"2.1"},{"v":4,"d":"4.0"},{"v":19,"d":"19.0"}]
["Acude/represa","unidade",37,{"v":1,"d":"1.0"},{"v":2.05,"d":"2.1"},{"v":16,"d":"16.0"},{"v":76,"d":"76.0"}]
["Almoxarifado/oficina","unidade",9,{"v":1,"d":"1.0"},{"v":1.22,"d":"1.2"},{"v":2,"d":"2.0"},{"v":11,"d":"11.0"}]
["Armazem para graos ensacados","sacas",6]
["Balanca para bovinos","unidade",5,{"v":1,"d":"1.0"},1.8,{"v":3,"d":"3.0"},{"v":9,"d":"9.0"}]
["Barracao para bicho da seda/sirgaria","unidade",1,{"v":1,"d":"1.0"},{"v":1,"d":"1.0"},{"v":1,"d":"1.0"},{"v":1,"d":"1.0"}]
["Barracao para granja/avicultura","unidade",1,{"v":1,"d":"1.0"},{"v":1,"d":"1.0"},{"v":1,"d":"1.0"},{"v":1,"d":"1.0"}]
["Barracao/galpao/garagem","unidade",33,{"v":1,"d":"1.0"},{"v":1.15,"d":"1.2"},{"v":3,"d":"3.0"},{"v":38,"d":"38.0"}]
["Casa de moradia habitada","unidade",53,{"v":1,"d":"1.0"},1.7,{"v":13,"d":"13.0"},{"v":90,"d":"90.0"}]
["Casa de moradia total","unidade",84,{"v":1,"d":"1.0"},{"v":2.32,"d":"2.3"},{"v":35,"d":"35.0"},{"v":195,"d":"195.0"}]
["Curral/mangueira","unidade",78,{"v":1,"d":"1.0"},{"v":1.03,"d":"1.0"},{"v":2,"d":"2.0"},{"v":80,"d":"80.0"}]
["Deposito/tulha","unidade",56,{"v":1,"d":"1.0"},{"v":1.14,"d":"1.1"},{"v":3,"d":"3.0"},{"v":64,"d":"64.0"}]
["Estabulo","unidade",1,{"v":1,"d":"1.0"},{"v":1,"d":"1.0"},{"v":1,"d":"1.0"},{"v":1,"d":"1.0"}]
["Estufa/plasticultura","m2",5]
["Fabrica de racao","unidade",2,{"v":1,"d":"1.0"},{"v":1,"d":"1.0"},{"v":1,"d":"1.0"},{"v":2,"d":"2.0"}]
["Instalacoes para equinos","unidade",2,{"v":1,"d":"1.0"},{"v":1,"d":"1.0"},{"v":1,"d":"1.0"},{"v":2,"d":"2.0"}]
["Maquina de beneficio","unidade",3,{"v":1,"d":"1.0"},{"v":1,"d":"1.0"},{"v":1,"d":"1.0"},{"v":3,"d":"3.0"}]
["Pocilga","unidade",1,{"v":1,"d":"1.0"},{"v":1,"d":"1.0"},{"v":1,"d":"1.0"},{"v":1,"d":"1.0"}]
["Poco semi-artesiano","unidade",46,{"v":1,"d":"1.0"},{"v":1.15,"d":"1.2"},{"v":5,"d":"5.0"},{"v":53,"d":"53.0"}]
["Secador de graos","unidade",4,{"v":1,"d":"1.0"},1.5,{"v":2,"d":"2.0"},{"v":6,"d":"6.0"}]
["Silo para graos","ton",4]
["Terreiro","m2",19]
["Fonte: Secretaria de Agricultura e Abastecimento, CDRS/IEA, Projeto LUPA."]
[]
["TABELA 238.4 - Outras Estatísticas Agrícolas, Município de Inúbia Paulista, Estado de São Paulo, 2016/17."]
["ITEM","Número de UPAs",null,"Percentual"]
["Faz Parte de Associação de Produtores",100,null,{"v":64.93506493506494,"d":"64.9"}]
["Faz Parte de Cooperativa de Produtores",120,null,{"v":77.92207792207792,"d":"77.9"}]
["Faz Parte do Sindicato de Produtores",98,null,{"v":63.63636363636363,"d":"63.6"}]
["Não utiliza assistência técnica ",7,null,{"v":4.545454545454546,"d":"4.5"}]
["Utiliza somente assistência técnica governamental ",110,null,{"v":71.42857142857143,"d":"71.4"}]
["Utiliza somente assistência técnica privada ",4,null,{"v":2.5974025974025974,"d":"2.6"}]
["Utiliza assistência técnica tanto governamental quanto privada",33,null,{"v":21.42857142857143,"d":"21.4"}]
["Utiliza Crédito Rural",44,null,{"v":28.57142857142857,"d":"28.6"}]
["Utiliza Seguro Rural",12,null,{"v":7.792207792207793,"d":"7.8"}]
["Utiliza Escrituração Agrícola",32,null,{"v":20.77922077922078,"d":"20.8"}]
["Acessa Internet p/ Fins na Agropecuária",19,null,{"v":12.337662337662337,"d":"12.3"}]
["Utiliza Computador nas Atividades Agropecuárias",11,null,{"v":7.142857142857143,"d":"7.1"}]
["Utiliza Energia Elétrica Para Uso na Atividade Agrícola",100,null,{"v":64.93506493506494,"d":"64.9"}]
["Utiliza Energia Alternativa",3,null,{"v":1.9480519480519483,"d":"1.9"}]
["Realiza Análise de Solo, quando necessário",87,null,{"v":56.493506493506494,"d":"56.5"}]
["Realiza Calagem",75,null,{"v":48.701298701298704,"d":"48.7"}]
["Utiliza Práticas de Conservação de Solo, quando necessário",137,null,{"v":88.96103896103895,"d":"89.0"}]
["Faz Adubação Mineral, quando necessário",103,null,{"v":66.88311688311688,"d":"66.9"}]
["Faz Adubação Orgânica, quando necessário",28,null,{"v":18.181818181818183,"d":"18.2"}]
["Faz Adubação Verde, quando necessário",11,null,{"v":7.142857142857143,"d":"7.1"}]
["Utiliza Manejo Integrado de Pragas (MIP)",7,null,{"v":4.545454545454546,"d":"4.5"}]
["Utiliza Hidroponia","-",null,"-"]
["Utiliza Cultivo em Estufa",5,null,{"v":3.246753246753247,"d":"3.2"}]
["Utiliza Mudas Fiscalizadas",18,null,{"v":11.688311688311687,"d":"11.7"}]
["Utiliza Semente Melhorada",16,null,{"v":10.389610389610388,"d":"10.4"}]
["Faz Confinamento de Bovinos",3,null,{"v":1.9480519480519483,"d":"1.9"}]
["Utiliza Pastejo Intensivo",8,null,{"v":5.194805194805195,"d":"5.2"}]
["Faz Inseminação Artificial",3,null,{"v":1.9480519480519483,"d":"1.9"}]
["Faz Mineralização do Rebanho",54,null,{"v":35.064935064935064,"d":"35.1"}]
["Faz Vermifugação do Rebanho",54,null,{"v":35.064935064935064,"d":"35.1"}]
["Possui Parceiros /Arrendatários na Exploração Animal",39,null,{"v":25.324675324675326,"d":"25.3"}]
["Existência de trabalhadores c/ deficiência na UPA",2,null,{"v":1.2987012987012987,"d":"1.3"}]
["Esporte e lazer","-",null,"-"]
["Extração mineral","-",null,"-"]
["Hotel Fazenda, Pousada ou SPA","-",null,"-"]
["Pesque-pague","-",null,"-"]
["Restaurante ou Lanchonete","-",null,"-"]
["Transformação artesanal","-",null,"-"]
["Turismo rural ou ecoturismo","-",null,"-"]
["Outras atividades econômicas rurais","-",null,"-"]
["Agroindústria","-",null,"-"]
["Proprietário sem instrução ou com instrução incompleta",5,null,{"v":3.246753246753247,"d":"3.2"}]
["Proprietário com antigo primário completo",19,null,{"v":12.337662337662337,"d":"12.3"}]
["Proprietário com 1° grau (ou antigo ginasial) completo",49,null,{"v":31.818181818181817,"d":"31.8"}]
["Proprietário com 2° grau (ou antigo colegial) completo",28,null,{"v":18.181818181818183,"d":"18.2"}]
["Proprietário com curso superior completo ",49,null,{"v":31.818181818181817,"d":"31.8"}]
["Pessoa Jurídica",4,null,{"v":2.5974025974025974,"d":"2.6"}]
["Proprietário residente na própria UPA ",32,null,{"v":20.77922077922078,"d":"20.8"}]
["Fonte: Secretaria de Agricultura e Abastecimento, CDRS/IEA, Projeto LUPA."]
[]
["TABELA 238.5 - Área Cultivada, Município de Inúbia Paulista, Estado de São Paulo, 2016/17."]
["CULTURA","N.DE UPAs","MÍNIMO","MÉDIO","MÁXIMO","TOTAL"]
["Braquiaria",140,0.1,{"v":23.87,"d":"23.9"},545.9,{"v":3341.8,"d":"3,341.8"}]
["Cana-de-acucar finalidade industria",25,2.9,{"v":100.66,"d":"100.7"},797.2,{"v":2516.6,"d":"2,516.6"}]
["Coloniao",7,{"v":1,"d":"1.0"},68.2,380.2,477.4]
["Gramas",17,{"v":1,"d":"1.0"},{"v":9.92,"d":"9.9"},{"v":99,"d":"99.0"},168.7]
["Eucalipto",28,0.1,{"v":5.11,"d":"5.1"},57.1,143.2]
["Cana-de-acucar outras finalidades",28,0.1,{"v":4.15,"d":"4.2"},{"v":40,"d":"40.0"},116.3]
["Seringueira",7,{"v":1,"d":"1.0"},{"v":10.93,"d":"10.9"},{"v":30,"d":"30.0"},76.5]
["Pinus",3,3.9,{"v":12.37,"d":"12.4"},{"v":27,"d":"27.0"},37.1]
["Cafe",8,0.2,{"v":3.78,"d":"3.8"},11.2,30.2]
["Soja",1,{"v":30,"d":"30.0"},{"v":30,"d":"30.0"},{"v":30,"d":"30.0"},{"v":30,"d":"30.0"}]
["Macadamia (ou noz-macadamia)",2,0.9,{"v":10.95,"d":"11.0"},{"v":21,"d":"21.0"},21.9]
["Melancia",1,7.2,7.2,7.2,7.2]
["Laranja Mercado",1,5.4,5.4,5.4,5.4]
["Outras florestais",1,{"v":4,"d":"4.0"},{"v":4,"d":"4.0"},{"v":4,"d":"4.0"},{"v":4,"d":"4.0"}]
["Horta domestica",6,0.3,{"v":0.62,"d":"0.6"},{"v":1,"d":"1.0"},3.7]
["Pomar domestico",11,0.1,{"v":0.32,"d":"0.3"},0.6,3.5]
["Amora (ou amora-branca)",2,0.9,1.2,1.5,2.4]
["Maracuja",3,0.3,{"v":0.77,"d":"0.8"},1.2,2.3]
["Coco-da-baia",1,1.4,1.4,1.4,1.4]
["Pepino",3,0.1,0.4,{"v":1,"d":"1.0"},1.2]
["Tomate envarado",1,{"v":1,"d":"1.0"},{"v":1,"d":"1.0"},{"v":1,"d":"1.0"},{"v":1,"d":"1.0"}]
["Teca",1,{"v":1,"d":"1.0"},{"v":1,"d":"1.0"},{"v":1,"d":"1.0"},{"v":1,"d":"1.0"}]
["Feijao",1,0.6,0.6,0.6,0.6]
["Banana",1,0.5,0.5,0.5,0.5]
["Feijao-vagem (ou vagem, ou feijao-verde)",2,0.1,0.2,0.3,0.4]
["Capim-napier (ou capim-elefante)",1,0.3,0.3,0.3,0.3]
["Jabuticaba",1,0.3,0.3,0.3,0.3]
["Alface",1,0.2,0.2,0.2,0.2]
["Fonte: Secretaria de Agricultura e Abastecimento, CDRS/IEA, Projeto LUPA."]